EUに加盟している国 - サドンデス - Statistics

General Stats
  • This quiz has been taken 1,065 times
  • The average score is 8 of 20
Answers on the Grid
Answers color-coded by a green-red scale on the quiz's grid according to % correct below.
アイスランド
アイルランド
アルバニア
イギリス
イタリア
ウクライナ
エストニア
オーストリア
キプロス
ギリシャ
クロアチア
スイス
スウェーデン
スロベニア
セルビア
チェコ
デンマーク
ドイツ
ノルウェー
ハンガリー
バチカン市国
フィンランド
フランス
ブルガリア
ベルギー
ボスニア・ヘルツェゴビナ
ポーランド
マルタ
モナコ公国
モンテネグロ
リヒテンシュタイン
ルクセンブルク
 
Answer Stats
Answer % Correct
イタリア
80%
ドイツ
61%
アイルランド
57%
オーストリア
54%
ギリシャ
54%
フランス
49%
ベルギー
49%
デンマーク
46%
スウェーデン
42%
ポーランド
41%
チェコ
40%
クロアチア
38%
ハンガリー
35%
ルクセンブルク
33%
エストニア
31%
スロベニア
27%
フィンランド
27%
キプロス
26%
ブルガリア
23%
マルタ
15%
No matching quizzes found
Score Distribution
Percent of People with Each Score
Percentile by Number Answered
Your Score History
You have not taken this quiz